000 00337 a2200157 4500
001 59760
020 _a9783442243945
040 _cAnchieta - Pituba
100 _aCanavan, Trudi
240 1 0 _aDie rebellin
_lpor
245 1 0 _aDie rebellin
300 _a543
362 0 _a2006
650 4 _aLiteratura juvenil em alemão
942 _cBK
999 _c59760
_d59760